Suomalaisten Laulajien Taiteilijanimet - Statistics

Yleistilastot
  • Tätä visaa on pelattu 264 kertaa
  • Keskiarvotulos 9 / 15
Vastaustilastot
Hint Vastaus % Oikein
Kaija Kokkola Kaija Koo
95%
Jare Tiihonen Cheek
94%
Kimmo Laiho Elastinen
86%
Jarkko Suo Lauri Tähkä
77%
Kirill Babitzin Kirka
71%
Ilkka Lipsanen Danny
70%
Ilkka Sysimetsä Frederik
56%
Heikki Harma Hector
54%
Antti Hammarberg Irwin Goodman
54%
Matti Siitonen Fredi
49%
Kari Jalkanen Kari Tapio
47%
Ville Virtanen Darude
44%
Antti Hulkko AndyMcCoy
40%
Esko Sorsa Riki Sorsa
33%
Petri Laurila Petri Nygård
23%
Ehtoja vastaavia visoja ei löytynyt
Tulosjakauma
Jokaisen tuloksen saaneiden osuus
Persentiili vastausten määrän mukaan
Tuloshistoriasi
Et ole pelannut tätä visaa